[Event " "]
[Site "Noyon"]
[Date "21.??.??"]
[Round "6.3"]
[White "Mullon, Jean-Baptiste"]
[Black "Jossien, Arnaud"]
[Result "0-1"]
[WhiteElo "2333"]
[BlackElo "2327"]
[PlyCount "96"]
[EventDate "21.??.??"]
[WhiteTeam "Clichy II"]
[BlackTeam "Cappelle la Grande"]

1. e4 d6 2. d4 Nf6 3. Nc3 c6 4. a4 e5 5. Nge2 Qa5 6. Bd2 Nbd7 7. g3 exd4 8.
Nxd4 Qe5 9. Bf4 Qa5 10. Nb3 Qc7 11. Bg2 Be7 12. O-O O-O 13. h3 Ne5 14. g4 Be6
15. Nd4 Rfe8 16. Bg3 Rad8 17. g5 Nfd7 18. f4 Nc4 19. f5 Bxg5 20. fxe6 fxe6 21.
Qe2 Nxb2 22. Nf3 Qa5 23. Nxg5 Qxg5 24. Rf3 Ne5 25. Bxe5 dxe5 26. Rf2 Rd4 27.
Qf3 Rd7 28. Kh2 h6 29. Bf1 Rd2 30. Rb1 Rxf2+ 31. Qxf2 Rf8 32. Qg2 Qe3 33. Rxb2
Rf2 34. Bd3 Qf4+ 35. Kh1 Rxg2 36. Kxg2 b6 37. Ne2 Qe3 38. Rb3 c5 39. Ng3 Qd2+
40. Kf3 Qf4+ 41. Kg2 Qd2+ 42. Kf3 Kf7 43. Ne2 c4 44. Bxc4 Qxc2 45. Rc3 Qxa4 46.
Bb3 Qd7 47. Ke3 b5 48. Rd3 Qc7 0-1

[Event " "]
[Site "Noyon"]
[Date "21.??.??"]
[Round "6.4"]
[White "Jossien, Remy"]
[Black "Delorme, Axel"]
[Result "1/2-1/2"]
[WhiteElo "2276"]
[BlackElo "2254"]
[PlyCount "74"]
[EventDate "21.??.??"]
[WhiteTeam "Cappelle la Grande"]

1. d4 d5 2. Nc3 Nf6 3. Bg5 Nbd7 4. Qd2 c6 5. f3 h6 6. Bf4 b5 7. a3 e6 8. e3 Nh5
9. Be5 Nxe5 10. dxe5 Qh4+ 11. Qf2 Qxf2+ 12. Kxf2 g6 13. Nge2 a6 14. g4 Ng7 15.
Bg2 c5 16. f4 h5 17. h3 Be7 18. Rhd1 O-O 19. Na2 f6 20. Kg3 fxe5 21. fxe5 h4+
22. Kh2 Bg5 23. e4 d4 24. Rf1 Rxf1 25. Rxf1 a5 26. Nac1 Ba6 27. b4 Be3 28. Nb3
axb4 29. axb4 d3 30. cxd3 c4 31. Nbc1 Bd2 32. dxc4 bxc4 33. Na2 Rd8 34. Rb1 Rd3
35. b5 Bb7 36. Nb4 Rb3 37. Rxb3 cxb3 1/2-1/2

[Event " "]
[Site "Noyon"]
[Date "21.??.??"]
[Round "6.5"]
[White "Sanchez, Louis"]
[Black "Platel, Alexandre"]
[Result "1/2-1/2"]
[WhiteElo "2258"]
[BlackElo "2194"]
[PlyCount "53"]
[EventDate "21.??.??"]
[WhiteTeam "Clichy II"]
[BlackTeam "Cappelle la Grande"]

1. Nf3 c5 2. e4 e6 3. d4 cxd4 4. Nxd4 a6 5. c4 Nf6 6. Nc3 Qc7 7. a3 b6 8. Be3
Bb7 9. f3 d6 10. Rc1 Nbd7 11. Be2 Rc8 12. O-O Be7 13. Qd2 O-O 14. b4 Qb8 15.
Rc2 Rfd8 16. Rb1 Bf8 17. Nb3 Kh8 18. Kh1 h6 19. Bf1 Re8 20. Rcc1 d5 21. exd5
exd5 22. Nxd5 Nxd5 23. cxd5 Rxc1 24. Nxc1 Qe5 25. Bf2 b5 26. Ne2 Qxd5 27. Qxd5
1/2-1/2

[Event " "]
[Site "Noyon"]
[Date "21.??.??"]
[Round "6.6"]
[White "Couche, Didier"]
[Black "Keller, Christophe"]
[Result "1/2-1/2"]
[WhiteElo "2111"]
[BlackElo "2228"]
[PlyCount "62"]
[EventDate "21.??.??"]
[WhiteTeam "Cappelle la Grande"]

1. d4 e6 2. c4 b6 3. Nf3 Nf6 4. Bg5 h6 5. Bh4 Bb4+ 6. Nc3 g5 7. Bg3 Ne4 8. Qd3
Bb7 9. Nd2 Bxc3 10. bxc3 Nxg3 11. Qxg3 d6 12. h4 Rg8 13. hxg5 hxg5 14. e3 Nd7
15. Be2 Qf6 16. Bf3 O-O-O 17. Bxb7+ Kxb7 18. Qf3+ Qxf3 19. Nxf3 Nf6 20. Nd2 Rh8
21. Ke2 c5 22. f3 Rc8 23. Kd3 Kc7 24. Raf1 Kd7 25. Ne4 Nxe4 26. fxe4 Ke7 27. a4
f6 28. Rb1 Kf7 29. a5 Rxh1 30. Rxh1 Kg7 31. axb6 axb6 1/2-1/2

[Event " "]
[Site "Noyon"]
[Date "21.??.??"]
[Round "6.7"]
[White "Daurelle, Herve"]
[Black "Gouvart, Stephane"]
[Result "1-0"]
[WhiteElo "2221"]
[BlackElo "1980"]
[PlyCount "41"]
[EventDate "21.??.??"]
[WhiteTeam "Clichy II"]
[BlackTeam "Cappelle la Grande"]

1. e4 e5 2. Nf3 Nc6 3. Bb5 a6 4. Ba4 Nf6 5. O-O Be7 6. Re1 b5 7. Bb3 d5 8. exd5
e4 9. dxc6 exf3 10. Qxf3 O-O 11. h3 Re8 12. d3 a5 13. a3 Ra6 14. Nc3 b4 15.
axb4 axb4 16. Rxa6 Bxa6 17. Ne4 Rf8 18. Bg5 Nxe4 19. Bxe7 Qxe7 20. Rxe4 Qc5 21.
Re8 1-0

[Event " "]
[Site "Noyon"]
[Date "21.??.??"]
[Round "6.8"]
[White "Husson, Cybele"]
[Black "Marchadour, Emilie"]
[Result "0-1"]
[WhiteElo "2056"]
[BlackElo "2079"]
[PlyCount "86"]
[EventDate "21.??.??"]
[WhiteTeam "Cappelle la Grande"]

1. e4 c5 2. Nc3 Nc6 3. f4 g6 4. Nf3 Bg7 5. Bc4 e6 6. d3 Nge7 7. O-O O-O 8. Qe1
Nd4 9. Nxd4 cxd4 10. Ne2 d5 11. Bb3 a5 12. a4 dxe4 13. dxe4 d3 14. Nc3 Nc6 15.
cxd3 Qb6+ 16. Kh1 Qxb3 17. e5 Nd4 18. Qh4 Qb6 19. Ne4 Qd8 20. Qg3 Bd7 21. h4
Nf5 22. Qg5 Qxg5 23. hxg5 Bc6 24. Kh2 Bxe4 25. dxe4 Nd4 26. Ra3 Rfd8 27. Rh3
Rac8 28. Kh1 Nc6 29. Rb3 Nb4 30. Be3 Rc6 31. Rf2 Bf8 32. f5 Rd3 33. Rxd3 Nxd3
34. Rd2 Nxe5 35. Rd8 Nc4 36. Bf4 e5 37. Bg3 Rd6 38. Rc8 Rd1+ 39. Kh2 Nxb2 40.
Bxe5 Nxa4 41. Ra8 Nb6 42. Re8 Rc1 43. Bd4 Rc8 0-1

[Event " "]
[Site "Noyon"]
[Date "21.??.??"]
[Round "6.1"]
[White "Adla, Diego"]
[Black "Gharamian, Tigran"]
[Result "1/2-1/2"]
[WhiteElo "2485"]
[BlackElo "2477"]
[PlyCount "110"]
[EventDate "21.??.??"]
[WhiteTeam "Noyon"]
[BlackTeam "Lille"]

1. c4 Nf6 2. Nf3 e6 3. g3 c5 4. Bg2 Be7 5. O-O O-O 6. Nc3 d5 7. cxd5 exd5 8. d4
Nc6 9. dxc5 Bxc5 10. Bg5 d4 11. Ne4 Be7 12. Bxf6 Bxf6 13. Qd2 Bf5 14. Nxf6+
Qxf6 15. Qf4 Rfe8 16. Nh4 Bg6 17. Qxf6 gxf6 18. Bxc6 bxc6 19. Rfe1 c5 20. Rac1
Rab8 21. b3 Rb5 22. Kf1 Ra5 23. Nxg6 hxg6 24. Rc2 Re6 25. Rec1 Ra3 26. Rd2 Ra5
27. Rc4 Rea6 28. a4 Rb6 29. Rd3 f5 30. e3 dxe3 31. Rxe3 Kg7 32. Ke2 Kf6 33. Kd2
Rd6+ 34. Rd3 Ke6 35. Rc1 Kd7 36. Kc3 Raa6 37. Rcd1 Rxd3+ 38. Rxd3+ Kc6 39. Re3
Kd6 40. Re8 Rb6 41. h4 Rb4 42. Ra8 Rb7 43. Rd8+ Kc6 44. h5 gxh5 45. Rh8 Kd5 46.
Rxh5 Ke4 47. Rh4+ Ke5 48. Rh6 Ke4 49. Rf6 Ke5 50. Rc6 Kd5 51. Rc8 Re7 52. Rd8+
Kc6 53. Rd3 f4 54. Rf3 fxg3 55. Rxg3 Re5 1/2-1/2

[Event " "]
[Site "Noyon"]
[Date "21.??.??"]
[Round "6.2"]
[White "Froeyman, Helmut"]
[Black "Housieaux, David"]
[Result "1/2-1/2"]
[WhiteElo "2247"]
[BlackElo "2327"]
[PlyCount "53"]
[EventDate "21.??.??"]
[WhiteTeam "Lille"]

1. e4 e6 2. d4 d5 3. Nc3 Bb4 4. e5 Ne7 5. a3 Bxc3+ 6. bxc3 c5 7. Qg4 O-O 8. Bd3
f5 9. exf6 Rxf6 10. Bg5 Nd7 11. Nf3 c4 12. Be2 Qa5 13. O-O Qxc3 14. Bxf6 Nxf6
15. Qf4 Qxc2 16. Qc7 Ng6 17. Qd8+ Nf8 18. Rfe1 Qa4 19. Ne5 Qe8 20. Qc7 Ng6 21.
Nxg6 Qxg6 22. Bf3 Qf7 23. Qd8+ Qf8 24. Qc7 Qf7 25. Qd8+ Qf8 26. Qc7 Qf7 27.
Qd8+ 1/2-1/2

[Event " "]
[Site "Noyon"]
[Date "21.??.??"]
[Round "6.3"]
[White "Nguyen, Chi-Minh"]
[Black "Bouhallel, Rabah"]
[Result "1-0"]
[WhiteElo "2383"]
[BlackElo "2329"]
[PlyCount "58"]
[EventDate "21.??.??"]
[WhiteTeam "Noyon"]
[BlackTeam "Lille"]

1. d4 e6 2. c4 c5 3. d5 exd5 4. cxd5 d6 5. Nc3 Ne7 6. Nf3 Ng6 7. h4 Nd7 8. h5
Nge5 9. Nh4 Be7 10. Nf5 O-O 11. f4 Ng4 12. e4 Ndf6 13. Ne3 Nxe3 14. Bxe3 Ng4
15. Bg1 Bh4+ 16. Kd2 f5 17. Bd3 fxe4 18. Nxe4 c4 19. Bc2 Rxf4 20. Qe2 Bg5 21.
Kd1 Rf8 22. Bd4 Ne5 23. Bxe5 dxe5 24. Qxc4 Bg4+ 25. Ke1 Qb6 26. Qb3 Qd4 27. Qd3
Qxb2 28. Rb1 Qd4 29. Rxb7 Bf5 1-0

[Event " "]
[Site "Noyon"]
[Date "21.??.??"]
[Round "6.4"]
[White "Cappon, John"]
[Black "Aguettaz, Maxime"]
[Result "0-1"]
[WhiteElo "2224"]
[BlackElo "2345"]
[PlyCount "52"]
[EventDate "21.??.??"]
[WhiteTeam "Lille"]

1. e4 c5 2. Nf3 Nc6 3. Bb5 g6 4. O-O Bg7 5. c3 Nf6 6. d4 cxd4 7. cxd4 Nxe4 8.
d5 Nd6 9. Na3 a6 10. Qa4 Na5 11. Bd3 b5 12. Qb4 Bb7 13. Bf4 O-O 14. Rad1 Bxd5
15. Bxd6 exd6 16. Be2 Bxa2 17. Rxd6 Re8 18. Qd2 Nb3 19. Qd1 Nc5 20. b4 Bb3 21.
Qb1 Ne4 22. Rxa6 Rxa6 23. Qxb3 Nc3 24. Bd3 Rf6 25. Nxb5 Rxf3 26. Nd6 Re6 0-1

[Event " "]
[Site "Noyon"]
[Date "21.??.??"]
[Round "6.5"]
[White "Hommeles, Theo"]
[Black "Julve, Philippe"]
[Result "1-0"]
[WhiteElo "2375"]
[BlackElo "2236"]
[PlyCount "113"]
[EventDate "21.??.??"]
[WhiteTeam "Noyon"]
[BlackTeam "Lille"]

1. e4 c5 2. Nf3 d6 3. d4 cxd4 4. Nxd4 Nf6 5. Nc3 a6 6. Be2 e5 7. Nb3 Be6 8. f4
Qc7 9. g4 exf4 10. g5 Nfd7 11. Bxf4 Nc6 12. Qd2 Nce5 13. O-O-O O-O-O 14. Nd5
Bxd5 15. Qxd5 Be7 16. h4 Kb8 17. Rh3 Nb6 18. Qd4 f6 19. Na5 d5 20. Rc3 Nbc4 21.
Nxc4 dxc4 22. Qxc4 Rxd1+ 23. Kxd1 Qd6+ 24. Qd5 Rd8 25. Rd3 Qb6 26. Bxe5+ fxe5
27. Qxe5+ Bd6 28. Qd4 Qxd4 29. Rxd4 Kc7 30. Rd5 g6 31. Bf3 Bg3 32. Rxd8 Kxd8
33. h5 Ke7 34. hxg6 hxg6 35. Ke2 Bf4 36. Kd3 Kd6 37. b3 b6 38. Kd4 Be5+ 39. Kc4
Bf4 40. Kd4 Be5+ 41. Ke3 Bb2 42. Be2 b5 43. Kf4 Be5+ 44. Kg4 Kc5 45. a4 bxa4
46. bxa4 a5 47. Bb5 Kb4 48. Be8 Bc3 49. Bxg6 Kxa4 50. Kf5 Kb4 51. e5 Kc5 52.
Bf7 Bd2 53. g6 Bh6 54. Kf6 a4 55. g7 Bxg7+ 56. Kxg7 a3 57. Ba2 1-0

[Event " "]
[Site "Noyon"]
[Date "21.??.??"]
[Round "6.7"]
[White "Clery, Nicolas"]
[Black "Vallet, Marc"]
[Result "0-1"]
[WhiteElo "2324"]
[BlackElo "2190"]
[PlyCount "90"]
[EventDate "21.??.??"]
[WhiteTeam "Noyon"]
[BlackTeam "Lille"]

1. d4 Nf6 2. c4 e6 3. Nf3 b6 4. g3 Ba6 5. Nbd2 Bb7 6. Bg2 c5 7. e4 cxd4 8. e5
Ng4 9. O-O Qc7 10. Re1 h5 11. h3 Nh6 12. Ne4 Nc6 13. Bf4 Nf5 14. a3 a5 15. Qe2
a4 16. Rad1 Ba6 17. Nd6+ Nxd6 18. exd6 Bxd6 19. Nxd4 Bxf4 20. Bxc6 O-O-O 21.
Bg2 Bg5 22. Nb5 Bxb5 23. cxb5 d5 24. Rd4 Kb8 25. Rxa4 Bf6 26. Ra6 h4 27. Qe3
Rd6 28. Rc1 Qb7 29. Qf4 e5 30. Qa4 hxg3 31. Rc6 gxf2+ 32. Kf1 Rh4 33. Ra8+ Qxa8
34. Rc8+ Kxc8 35. Qxa8+ Kd7 36. Qb7+ Ke8 37. Bxd5 Be7 38. Kxf2 Rd4 39. Bc6+ Kf8
40. Qxb6 Bh4+ 41. Kf3 Rd3+ 42. Ke2 Rd2+ 43. Kf3 R6d3+ 44. Kg4 Rd4+ 45. Kh5 Bd8
0-1

[Event " "]
[Site "Noyon"]
[Date "21.??.??"]
[Round "6.8"]
[White "Delescluse, Oriane"]
[Black "Assad, Karine"]
[Result "1/2-1/2"]
[WhiteElo "1740"]
[BlackElo "2048"]
[PlyCount "38"]
[EventDate "21.??.??"]
[WhiteTeam "Lille"]

1. d4 Nf6 2. c4 e6 3. Nc3 Bb4 4. Bd2 c5 5. Nf3 cxd4 6. Nxd4 Nc6 7. Nf3 d5 8.
cxd5 Nxd5 9. Nxd5 Qxd5 10. Bxb4 Nxb4 11. Qa4+ Nc6 12. Rd1 Qc5 13. e3 Bd7 14.
Bb5 a6 15. Nd4 O-O-O 16. Bxc6 Bxc6 17. Nxc6 Rxd1+ 18. Qxd1 Qxc6 19. O-O Rd8
1/2-1/2

[Event " "]
[Site "Nantes"]
[Date "21.??.??"]
[Round "6.1"]
[White "Justo, Damian"]
[Black "Petkov, Vladimir"]
[Result "0-1"]
[WhiteElo "2306"]
[BlackElo "2441"]
[PlyCount "94"]
[EventDate "21.??.??"]
[WhiteTeam "Evry Grand Roque II"]
[BlackTeam "C.E. Nantes"]

1. d4 Nf6 2. Nf3 b5 3. e3 a6 4. Bd3 Bb7 5. Nbd2 e6 6. e4 c5 7. dxc5 Bxc5 8. Qe2
Ng4 9. O-O Nc6 10. a4 Qb8 11. axb5 Nd4 12. Qe1 axb5 13. Rxa8 Bxa8 14. c3 Nxf3+
15. Nxf3 O-O 16. h3 Ne5 17. Nxe5 Qxe5 18. Be3 Bc6 19. Qe2 Ra8 20. f4 Bxe3+ 21.
Qxe3 Qb8 22. b4 Ra3 23. Qd4 f6 24. e5 f5 25. Rf2 h6 26. Kh2 Qa8 27. Qc5 Qa4 28.
Be2 Ra1 29. Qe7 Qa8 30. Bf3 Bxf3 31. Rxf3 Qa7 32. Qc5 Qxc5 33. bxc5 Rd1 34. Rf2
Rd5 35. g4 fxg4 36. hxg4 Kf7 37. Kg3 Rxc5 38. Rf3 Rc4 39. Rd3 Ke7 40. Rf3 g5
41. fxg5 hxg5 42. Re3 Kd8 43. Kf3 Kc7 44. Rd3 Rf4+ 45. Ke3 Rxg4 46. Rd6 Rc4 47.
Kd3 g4 0-1

[Event " "]
[Site "Nantes"]
[Date "21.??.??"]
[Round "6.2"]
[White "Grigorov, Grigor"]
[Black "Debray, Christopher"]
[Result "1/2-1/2"]
[WhiteElo "2426"]
[BlackElo "2278"]
[PlyCount "85"]
[EventDate "21.??.??"]
[WhiteTeam "C.E. Nantes"]

1. d4 Nf6 2. c4 g6 3. Nc3 d5 4. Bf4 Bg7 5. e3 O-O 6. cxd5 Nxd5 7. Nxd5 Qxd5 8.
Bxc7 Na6 9. Bxa6 Qxg2 10. Qf3 Qxf3 11. Nxf3 bxa6 12. Rc1 Bb7 13. Ke2 a5 14.
Rhd1 a4 15. Rc5 Rfc8 16. Rdc1 e6 17. a3 Bf8 18. R5c3 f6 19. Ne1 Kf7 20. Nd3 Ke8
21. Kd2 Be4 22. Bg3 Kd8 23. Rc4 Bd5 24. Rxa4 Rxc1 25. Kxc1 a5 26. b4 axb4 27.
Rxa8+ Bxa8 28. axb4 Be4 29. Nc5 Bxc5 30. dxc5 Bc6 31. Kd2 Kd7 32. Kc3 Bb5 33.
Kd4 Kc6 34. f4 h6 35. Be1 g5 36. Ke4 Bf1 37. Bc3 Bg2+ 38. Kd3 gxf4 39. exf4 e5
40. fxe5 fxe5 41. Bxe5 h5 42. h4 Bf1+ 43. Ke3 1/2-1/2

[Event " "]
[Site "Nantes"]
[Date "21.??.??"]
[Round "6.3"]
[White "Roumegous, Etienne"]
[Black "Delaunay, Sebastien"]
[Result "0-1"]
[WhiteElo "2130"]
[BlackElo "2344"]
[PlyCount "74"]
[EventDate "21.??.??"]
[WhiteTeam "Evry Grand Roque II"]
[BlackTeam "C.E. Nantes"]

1. d4 Nf6 2. c4 g6 3. f3 c5 4. d5 Bg7 5. e4 d6 6. Ne2 b5 7. cxb5 a6 8. Nec3 O-O
9. a4 Ne8 10. Be3 axb5 11. Bxb5 Nc7 12. Bc4 Ba6 13. Na3 Qc8 14. O-O Qb7 15. Qd2
Qb4 16. Bxa6 Nbxa6 17. Rfb1 Rfb8 18. Nab5 Rb7 19. Kh1 $11 Qb3 20. Qe2 Nxb5 21.
Nxb5 Nb4 22. Ra3 Qc2 23. Qxc2 Nxc2 24. Rb3 Nxe3 25. Rxe3 Rxa4 26. Nc3 Bxc3 27.
Rxc3 Rxb2 28. Rcc1 Rxb1 29. Rxb1 f5 30. Re1 fxe4 31. fxe4 Rd4 32. Kg1 Kg7 33.
Kf2 Kf6 34. Re3 Ke5 35. Kf3 c4 36. g3 Rd3 37. Rxd3 cxd3 0-1

[Event " "]
[Site "Nantes"]
[Date "21.??.??"]
[Round "6.4"]
[White "Delorme, Alban"]
[Black "Roumegous, Marina"]
[Result "1/2-1/2"]
[WhiteElo "2236"]
[BlackElo "2206"]
[PlyCount "81"]
[EventDate "21.??.??"]
[WhiteTeam "C.E. Nantes"]

1. e4 c6 2. d4 d5 3. Nc3 g6 4. e5 Bg7 5. f4 h5 6. Nf3 Bg4 7. Be3 e6 8. Be2 Ne7
9. g3 Nd7 10. h3 Bxf3 11. Bxf3 Nf5 12. Bf2 Bf8 13. Qd3 Qa5 14. O-O Be7 15. Kg2
O-O-O 16. a3 Rdg8 17. h4 Kb8 18. b4 Qd8 19. Na4 Nb6 20. Nb2 Qd7 21. c3 Rc8 22.
a4 Qc7 23. Rfc1 Qd8 24. Ra3 Ka8 25. Rb3 Qf8 26. Rc2 Qh6 27. a5 Nd7 28. Na4 Rhd8
29. Ra2 Rc7 30. Nb6+ Kb8 31. Nxd7+ Rdxd7 32. b5 cxb5 33. Rxb5 a6 34. Rb6 Qf8
35. Qxa6 Rxc3 36. Qb5 Qc8 37. Qb4 Bd8 38. Rb5 Rc1 39. Qb2 Qc3 40. Be2 Ne3+ 41.
Kh2 1/2-1/2

[Event " "]
[Site "Nantes"]
[Date "21.??.??"]
[Round "6.5"]
[White "Guyard, Rodolphe"]
[Black "Gerard, Nicolas"]
[Result "0-1"]
[WhiteElo "2135"]
[BlackElo "2307"]
[PlyCount "78"]
[EventDate "21.??.??"]
[WhiteTeam "Evry Grand Roque II"]
[BlackTeam "C.E. Nantes"]

1. e4 c5 2. Nf3 d6 3. d4 cxd4 4. Nxd4 Nf6 5. Nc3 a6 6. Be2 e5 7. Nb3 Be7 8. Qd3
Nbd7 9. Qg3 b5 10. a3 Bb7 11. Bd3 Qc7 12. O-O Nc5 13. Nxc5 dxc5 14. f4 Nh5 15.
Qg4 Nxf4 16. Bxf4 exf4 17. Nd5 Bxd5 18. exd5 $11 Bd6 19. Rae1+ Kf8 20. g3 c4
21. Be4 g6 22. Qh3 Kg7 23. gxf4 f5 24. Bxf5 gxf5 25. Kh1 Rhg8 26. Qc3+ Kf7 27.
Qh3 Rg7 28. Qxf5+ Kg8 29. Rg1 Qf7 30. Rxg7+ Kxg7 31. Rg1+ Kf8 32. Qg4 Bxf4 33.
Qg2 Rd8 34. Rf1 Rxd5 35. Qg4 Rf5 36. h4 Qd5+ 37. Rf3 Rf7 38. Qg2 Qe4 39. Qf1
Be5 0-1

[Event " "]
[Site "Nantes"]
[Date "21.??.??"]
[Round "6.6"]
[White "Rihouay, Clement"]
[Black "Guillon, Cyril"]
[Result "0-1"]
[WhiteElo "2192"]
[BlackElo "2217"]
[PlyCount "56"]
[EventDate "21.??.??"]
[WhiteTeam "C.E. Nantes"]

1. e4 c5 2. Nf3 Nc6 3. d4 cxd4 4. Nxd4 Nf6 5. Nc3 e5 6. Ndb5 d6 7. Bg5 a6 8.
Na3 Be6 9. Nc4 Rc8 10. Bxf6 gxf6 11. Ne3 Bh6 12. Ncd5 Bxe3 13. Nxe3 Qb6 14. Qb1
Ne7 15. Bd3 d5 16. exd5 Nxd5 17. Nxd5 Bxd5 18. O-O Rg8 19. g3 Qc6 20. c4 Bh1
21. f3 Bxf3 22. Bxh7 Rh8 23. Rf2 e4 24. Qe1 Kf8 25. Bf5 Re8 26. Qe3 Re5 27. Qf4
Qc5 28. Bg4 Rxh2 0-1

[Event " "]
[Site "Nantes"]
[Date "21.??.??"]
[Round "6.7"]
[White "Forget, Cyril"]
[Black "Grill, Marc"]
[Result "0-1"]
[WhiteElo "1910"]
[BlackElo "2154"]
[PlyCount "62"]
[EventDate "21.??.??"]
[WhiteTeam "Evry Grand Roque II"]
[BlackTeam "C.E. Nantes"]

1. e4 c5 2. Nf3 g6 3. Bc4 Bg7 4. c3 e6 5. d4 cxd4 6. cxd4 d5 7. exd5 exd5 8.
Bb3 Ne7 9. Nc3 O-O 10. O-O Nbc6 11. h3 h6 12. Bf4 a6 13. Rc1 b5 14. Re1 Be6 15.
Ne5 Rc8 16. Bc2 Bf5 17. Nxc6 Rxc6 18. Rxe7 Bxc2 19. Rxc2 Rxc3 20. Rxc3 Qxe7 21.
Rc6 Qe4 22. Be3 g5 23. a4 f5 24. axb5 axb5 25. Rd6 f4 26. Bc1 Re8 27. Kh2 Bxd4
28. Rxh6 Bxf2 29. Bd2 Bg3+ 30. Kh1 Qd3 31. Qc1 Re1+ 0-1

[Event " "]
[Site "Nantes"]
[Date "21.??.??"]
[Round "6.8"]
[White "Marchadour, Claire"]
[Black "Stojanovic, Vojislav"]
[Result "1-0"]
[WhiteElo "2058"]
[BlackElo "1873"]
[PlyCount "45"]
[EventDate "21.??.??"]
[WhiteTeam "C.E. Nantes"]

1. e4 e5 2. Nf3 Nf6 3. Nxe5 d6 4. Nf3 Nxe4 5. Nc3 Nf6 6. d4 h6 7. h3 Bf5 8. Be3
Nbd7 9. g4 Bh7 10. Bd3 Bxd3 11. Qxd3 d5 12. Ne5 c6 13. f4 Bd6 14. O-O-O Bb4 15.
g5 hxg5 16. fxg5 Nxe5 17. dxe5 Nd7 18. e6 Ne5 19. exf7+ Nxf7 20. g6 Nd6 21.
Rdf1 Qd7 22. Bg5 Bxc3 23. Qxc3 1-0

[Event " "]
[Site "Nantes"]
[Date "21.??.??"]
[Round "6.1"]
[White "Roser, Kevin"]
[Black "Le Roux, Jean-Pierre"]
[Result "1/2-1/2"]
[WhiteElo "2400"]
[BlackElo "2486"]
[PlyCount "33"]
[EventDate "21.??.??"]
[WhiteTeam "Issy les Moulineaux"]
[BlackTeam "Guingamp"]

1. e4 e5 2. Nf3 Nc6 3. Bb5 a6 4. Bxc6 dxc6 5. O-O Bg4 6. h3 Bxf3 7. Qxf3 Ne7 8.
d3 c5 9. Qg3 Ng6 10. Nd2 Be7 11. Nc4 Bh4 12. Qe3 b6 13. a4 O-O 14. g3 Bf6 15.
Kh2 Ne7 16. Qe2 Qd7 17. Qg4 1/2-1/2

[Event " "]
[Site "Nantes"]
[Date "21.??.??"]
[Round "6.2"]
[White "Dumitrache, Dragos-Nicolae"]
[Black "Houhou, Olivier"]
[Result "1-0"]
[WhiteElo "2455"]
[BlackElo "2286"]
[PlyCount "93"]
[EventDate "21.??.??"]
[WhiteTeam "Guingamp"]

1. d4 Nf6 2. c4 g6 3. Nc3 d5 4. Bg5 Ne4 5. Bh4 Nxc3 6. bxc3 dxc4 7. e3 Be6 8.
Qb1 Qd5 9. Be2 Bf5 10. Bf3 Qxf3 11. Nxf3 Bxb1 12. Rxb1 b6 13. Nd2 Bg7 14. Nxc4
Nd7 15. Ke2 Bf6 16. Bxf6 Nxf6 17. Ne5 Nd7 18. Nc6 Nb8 19. Nb4 Nd7 20. Rhc1 c5
21. Nd3 Rc8 22. Rb5 cxd4 23. cxd4 Rxc1 24. Nxc1 O-O 25. Nd3 Rc8 26. Kd2 Kf8 27.
f3 Ke8 28. Rb3 Kd8 29. Rc3 Rxc3 30. Kxc3 Kc7 31. Kc4 Kc6 32. Nb4+ Kb7 33. e4 a6
34. a4 h5 35. h4 e6 36. e5 f6 37. f4 fxe5 38. fxe5 Nf8 39. d5 b5+ 40. axb5
axb5+ 41. Kc5 Kc7 42. d6+ Kb7 43. Kxb5 Nd7 44. Nd3 Nf8 45. Nf4 Kc8 46. Kc6 Kd8
47. d7 1-0

[Event " "]
[Site "Nantes"]
[Date "21.??.??"]
[Round "6.3"]
[White "Piankov, Evgenij"]
[Black "Alanic, Mickael"]
[Result "1-0"]
[WhiteElo "2311"]
[BlackElo "2230"]
[PlyCount "148"]
[EventDate "21.??.??"]
[WhiteTeam "Issy les Moulineaux"]
[BlackTeam "Guingamp"]

1. d4 Nf6 2. Nf3 g6 3. Bg5 Bg7 4. Nbd2 O-O 5. e4 d6 6. c3 h6 7. Bh4 g5 8. Bg3
Nh5 9. Bc4 c6 10. Bb3 e5 11. dxe5 Nxg3 12. hxg3 dxe5 13. Nc4 Nd7 14. Qd6 Qf6
15. Qxf6 Nxf6 16. Bc2 Ng4 17. Nfd2 b5 18. Na5 c5 19. c4 Rd8 20. Rd1 a6 21. Ke2
Bf8 22. Nb1 Be6 23. Nc3 Bxc4+ 24. Nxc4 bxc4 25. Nd5 Kg7 26. f3 Nf6 27. Nb6 Rab8
28. Nxc4 Rd4 29. b3 Nd7 30. Bd3 a5 31. Ne3 Kg6 32. Nf5 Rdb4 33. Bc4 Nf6 34. a4
R4b6 35. Bb5 Ne8 36. Rd7 Nd6 37. Nxd6 Rxd6 38. Rd1 Rxd1 39. Kxd1 f5 40. Ra7
fxe4 41. fxe4 Rd8+ 42. Kc2 c4 43. bxc4 Bb4 44. Bd7 Kf6 45. g4 Ke7 46. Bf5+ Kf8
47. c5 Rd4 48. Kb3 Rd3+ 49. Kc4 Rc3+ 50. Kd5 Rxc5+ 51. Ke6 Rc6+ 52. Kxe5 Rc5+
53. Kf6 Bc3+ 54. Ke6 Re5+ 55. Kd6 Re7 56. Ra6 Re5 57. Rc6 Bb2 58. Rc2 Ba1 59.
Rc7 Re8 60. Rc5 Ra8 61. Bd7 Ra6+ 62. Bc6 Ra7 63. Rf5+ Kg7 64. e5 Bc3 65. e6
Bb4+ 66. Kd5 Rc7 67. Rf3 Rc8 68. Rf7+ Kg6 69. Bb5 Rd8+ 70. Ke4 Rf8 71. Rc7 Kf6
72. Bc4 Be7 73. Ra7 Rc8 74. Bd5 Rc5 1-0

[Event " "]
[Site "Nantes"]
[Date "21.??.??"]
[Round "6.4"]
[White "Terrieux, Kevin"]
[Black "Geffroy, Laurent"]
[Result "1-0"]
[WhiteElo "2332"]
[BlackElo "2239"]
[PlyCount "75"]
[EventDate "21.??.??"]
[WhiteTeam "Guingamp"]

1. d4 Nf6 2. c4 e6 3. Nc3 d5 4. cxd5 exd5 5. Bg5 Be7 6. e3 c6 7. Bd3 O-O 8. Qc2
Nbd7 9. Nf3 Re8 10. h3 Nf8 11. Ne5 N6d7 12. Bf4 Nxe5 13. dxe5 f6 14. O-O fxe5
15. Bxe5 Bf6 16. Bxf6 Qxf6 17. e4 dxe4 18. Nxe4 Qf4 19. Rfe1 Kh8 20. Nc5 Rd8
21. Re4 Qg5 22. Re3 b6 23. Ne4 Qh6 24. Ng3 Bd7 25. Re5 Qf6 26. Re3 Re8 27. Ne4
Qh6 28. Rae1 c5 29. Bc4 Bc6 30. Ng3 Qf6 31. Bb3 g6 32. Qc4 Qg7 33. Re7 Bb5 34.
Qh4 g5 35. Rxg7 Rxe1+ 36. Kh2 Kxg7 37. Qxg5+ Ng6 38. Nf5+ 1-0

[Event " "]
[Site "Nantes"]
[Date "21.??.??"]
[Round "6.5"]
[White "Harovelo, Ingmar"]
[Black "Bodenez, Vincent"]
[Result "1/2-1/2"]
[WhiteElo "2218"]
[BlackElo "2200"]
[PlyCount "20"]
[EventDate "21.??.??"]
[WhiteTeam "Issy les Moulineaux"]
[BlackTeam "Guingamp"]

1. d4 Nf6 2. c4 e6 3. g3 d5 4. Nf3 Be7 5. Bg2 O-O 6. O-O c6 7. Qc2 b6 8. Rd1
Ba6 9. cxd5 cxd5 10. Bf4 Bd6 $11 1/2-1/2

[Event " "]
[Site "Nantes"]
[Date "21.??.??"]
[Round "6.7"]
[White "Emmenecker, Philippe"]
[Black "Alanic, Xavier"]
[Result "1/2-1/2"]
[WhiteElo "2198"]
[BlackElo "2244"]
[PlyCount "137"]
[EventDate "21.??.??"]
[WhiteTeam "Issy les Moulineaux"]
[BlackTeam "Guingamp"]

1. d4 d5 2. Nf3 Nf6 3. c4 e6 4. Nc3 Be7 5. Bg5 O-O 6. e3 Nbd7 7. Rc1 a6 8. cxd5
exd5 9. Bd3 Re8 10. O-O c6 11. h3 Nf8 12. Ne5 N6d7 13. Bxe7 Qxe7 14. Nf3 g6 15.
a3 f5 16. b4 Ne6 17. Qb3 Ng5 18. Nxg5 Qxg5 19. f4 Qf6 20. Rf3 Nf8 21. Na4 b5
22. Nc5 Ra7 23. Bf1 Rae7 24. Kh2 Qd6 25. g3 Nd7 26. Qc3 Nxc5 27. Qxc5 Qxc5 28.
Rxc5 Bd7 29. Rc3 Ra8 30. Rf2 a5 31. Kg2 axb4 32. axb4 Be8 33. Kf3 Ra1 34. Bd3
h5 35. Rg2 Rh1 36. Ra2 Re1 37. Bc2 Kf7 38. Ra6 Kf8 39. Ra8 Kg7 40. Kf2 Rh1 41.
Kg2 Re1 42. Kf2 Rh1 43. Kg2 Rc1 44. Kf3 Bd7 45. Ra7 $11 Kf7 46. Kf2 Be8 47. Ra8
Kf6 48. Ra6 Bd7 49. Ra7 Rf7 50. Kf3 Be8 51. Ra8 Ke7 52. Ra7+ Kd6 53. Ra8 Re7
54. Ra2 Rh7 55. Ra8 Re7 56. Ra2 Bd7 57. Ra8 Re8 58. Ra7 Re7 59. Ra8 Re8 60. Ra7
Rd8 61. Kf2 Be8 62. Kf3 Rd7 63. Ra6 Rc7 64. Rc5 Ke7 65. Bd3 Rxc5 66. dxc5 Bd7
67. Ra8 Rc8 68. Rxc8 Bxc8 69. Be2 $11 1/2-1/2

[Event " "]
[Site "Nantes"]
[Date "21.??.??"]
[Round "6.8"]
[White "Le Diouron, Aurelie"]
[Black "Baldi, Elise"]
[Result "1-0"]
[WhiteElo "2021"]
[BlackElo "1800"]
[PlyCount "57"]
[EventDate "21.??.??"]
[WhiteTeam "Guingamp"]

1. e4 d6 2. d4 Nf6 3. Nc3 g6 4. Be3 Bg7 5. f3 Nbd7 6. Qd2 c5 7. d5 a6 8. a4 Qa5
9. Bh6 O-O 10. g4 b5 11. h4 b4 12. Nd1 Rd8 13. h5 Nf8 14. hxg6 fxg6 15. Bxg7
Kxg7 16. Qh6+ Kf7 17. Nh3 e6 18. Ng5+ Kg8 19. dxe6 Bxe6 20. Nxe6 Nxe6 21. Bc4
Re8 22. g5 Nh5 23. Rxh5 gxh5 24. Bxe6+ Rxe6 25. Qxe6+ Kg7 26. Ne3 Qc7 27. Nf5+
Kf8 28. Qf6+ Qf7 29. Qxd6+ 1-0

[Event " "]
[Site "Cappelle la Grande"]
[Date "11.??.??"]
[Round "7.1"]
[White "Carlier, Bruno"]
[Black "Colin, Vincent"]
[Result "1/2-1/2"]
[WhiteElo "2430"]
[BlackElo "2428"]
[PlyCount "42"]
[EventDate "11.??.??"]
[WhiteTeam "Cappelle la Grande"]
[BlackTeam "Deauville"]

1. Nf3 c5 2. g3 Nc6 3. Bg2 e5 4. c4 d5 5. Qa4 f6 6. cxd5 Qxd5 7. Nc3 Qd7 8. O-O
Bd6 9. a3 Nge7 10. b4 cxb4 11. Ne4 a5 12. d4 exd4 13. Nxd6+ Qxd6 14. axb4 Qxb4
15. Qxb4 Nxb4 16. Nxd4 Nec6 17. Nxc6 Nxc6 18. Bd2 Kf7 19. Bd5+ Be6 20. Bxc6
bxc6 21. Bxa5 Bc4 1/2-1/2